Historia mínima de Colombia

Salvato in:
Dettagli Bibliografici
Autore principale: Melo, Jorge Orlando (autor)
Natura: Libro
Lingua:spagnolo
Pubblicazione: Madrid Turner Publicaciones SL 2017
Edizione:1a. ed
Serie:Historias Mínimas
Soggetti:
Tags: Aggiungi Tag
Nessun Tag, puoi essere il primo ad aggiungerne!!

MARC

LEADER 00000cam a2200000 a 4500
001 UCC6007
003 CL-VaPUC
008 181116e20170000sp |||||||||||||||||spa|d
020 |a 9788416714070 
082 0 4 |a 986.106  |b MEL  |2 21 
100 |a Melo, Jorge Orlando  |e autor  |9 600454 
245 1 0 |a Historia mínima de Colombia 
250 |a 1a. ed 
300 |a 330 p 
942 |c BK 
945 |d 20181116 13:40:00  |a dcastane 
260 |a Madrid  |b Turner Publicaciones SL  |c 2017 
650 7 |a HISTORIA DE COLOMBIA  |2 CL-VaPUC  |9 323523 
650 0 |a Política y gobierno  |9 255151 
650 0 |a Economía política  |9 255814 
650 0 |a Condiciones económicas  |9 258255 
651 0 |a Colombia  |9 256424 
583 |a last modification  |c 20181116 13:40:00  |k Rodrigo Vera 
490 0 |a Historias Mínimas 
999 |c 373088  |d 373086 
952 |0 0  |1 0  |3 erb  |4 0  |6 986_106000000000000_MEL_2017  |7 0  |8 A  |9 491022  |a BIBHIS  |b BIBHIS  |i 5514088  |l 3  |o 986.106 MEL 2017  |p 5514088  |r 2025-01-20  |s 2024-04-25  |w 2019-11-24  |y BK  |z Catalogado en:20181116  |k HIS